000 00636nam a2200205 i 4500
001 C00024341c
005 20241029144123.0
008 970206s1931 xxkf 001 0 eng d
080 _a7.034.7
100 1 _aSitwell, Sacheverell.
_99159
245 1 0 _aSpanish baroque art
_b: with buildings in Portugal, Mexico and other Colonies /
_cby Sacheverell Sitwell.
260 _aLondon :
_bThe Camelot Press Ltd,
_c1931.
300 _a112 p., [24] h. de lám. ;
_c23 cm.
500 _aBibliografía.
500 _aLegado Lafuente Ferrari.
650 _aArte barroco.
_94498
852 4 2 _jLF-4375
999 _c23806
_d23806